Famille et mariage en Eurasie
Αποθηκεύτηκε σε:
| Κύριος συγγραφέας: | |
|---|---|
| Μορφή: | Βιβλίο |
| Γλώσσα: | French |
| Δημοσίευση: |
Paris :
Presses Universitaires de France,
2000
|
| Σειρά: | Collection "Ethnologies"
|
| Θέματα: | |
| Ετικέτες: |
Προσθήκη ετικέτας
Δεν υπάρχουν, Καταχωρήστε ετικέτα πρώτοι!
|
MARC
| LEADER | 00000nam a2200000 i 4500 | ||
|---|---|---|---|
| 001 | 1/75614 | ||
| 008 | 080222s2000 fre d | ||
| 020 | |a 2-13-048042-X | ||
| 035 | |l 10094963 | ||
| 040 | |a GR-MY-UA |b gre |e aacr | ||
| 041 | 0 | |a fre | |
| 082 | 0 | |a 306.8 |2 (22) | |
| 100 | 1 | |a Goody, Jack. | |
| 245 | 1 | 0 | |a Famille et mariage en Eurasie / |c Jack Goody |
| 260 | |a Paris : |b Presses Universitaires de France, |c 2000 | ||
| 300 | |a 501 σ.; |c 24 εκ. | ||
| 490 | 1 | |a Ethnologies | |
| 504 | |a Ευρετήριο: σ. [469]-479 | ||
| 504 | |a Βιβλιογραφία: σ. [481]-501 | ||
| 650 | 0 | 0 | |a Family |z Asia. |
| 650 | 0 | 0 | |a Family |z Europe. |
| 650 | 0 | 0 | |a Marriage |z Asia. |
| 650 | 0 | 0 | |a Marriage |z Europe |x History. |
| 830 | 0 | |a Collection "Ethnologies" | |
| 852 | |a INST |b LESVOS |e 20080222 |h 306.8 GOO |p 005100040647 |q 005100040647 |t BK |y 0 | ||
| 901 | |a BIBL1-2008-1 | ||
| 909 | |a Λ |b 145722 | ||
| 922 | |a 1ΕΛΗ |b 200801 |c ΕΠΕΑΕΚ2/ΤΚΑ |d ΕΛΕΥΘΕΡΟΥΔΑΚΗΣ | ||
| 970 | |a ΧΑΤΖΗΜΙΧΑΗΛ |b ΜΑΡΙΑ |z 2008/02/22 | ||